Encuentro y alteridad: vida y cultura judía en América Latina
Guardat en:
| Autor principal: | |
|---|---|
| Format: | Llibre |
| Idioma: | espanyol |
| Publicat: |
Ciudad de México
Fondo de Cultura Económica
1999
|
| Col·lecció: | Colección Tierra Firme
|
| Matèries: | |
| Etiquetes: |
Afegir etiqueta
Sense etiquetes, Sigues el primer a etiquetar aquest registre!
|
MARC
| LEADER | 00000nam a2200000 a 4500 | ||
|---|---|---|---|
| 001 | UCM9036 | ||
| 003 | CL-VaPUC | ||
| 005 | 20210923074607.0 | ||
| 008 | 030411e19990000mx 1 spa d | ||
| 082 | 0 | 4 | |a 305.892408 |b BOK |2 21 |
| 100 | 1 | |a Bokser Liwerant, Judit |e author |9 620302 | |
| 245 | 1 | 0 | |a Encuentro y alteridad: vida y cultura judía en América Latina |
| 260 | |a Ciudad de México |b Fondo de Cultura Económica |c 1999 | ||
| 300 | |a 758 p | ||
| 490 | 0 | |a Colección Tierra Firme | |
| 583 | |a last modification |c 20030411 00:00:00 |k Rodrigo Vera | ||
| 650 | 0 | 0 | |a Judíos |9 313771 |
| 650 | 0 | 0 | |a Cultura |9 269059 |
| 650 | 0 | 0 | |a Desarrollo cultural |9 267526 |
| 651 | 0 | |a América Latina |9 255027 | |
| 942 | |c BK | ||
| 945 | |a vberengu |d 20030411 00:00:00 | ||
| 546 | |a En Español | ||
| 536 | |a Latin American Jewish Studies Association | ||
| 518 | |p Conferencia Internacional de Investigación, 8, México, noviembre de 1995 | ||
| 999 | |c 383863 |d 383861 | ||
| 952 | |0 0 |1 0 |4 0 |6 305_892408000000000_BOK_1999 |7 0 |8 A |9 506172 |a BIBHIS |b BIBHIS |d 2020-01-23 |i 3889297 |o 305.892408 BOK 1999 |p 3889297 |r 2025-01-20 |w 2020-01-23 |y BK |k HIS | ||